书目信息 |
| 题名: |
古典目录学浅说
|
|
| 作者: | 来新夏 著 | |
| 分册: | ||
| 出版信息: | 北京 中华书局 1981 |
|
| 页数: | 240页 | |
| 开本: | 19cm | |
| 丛书名: | 中华史学丛书 | |
| 单 册: | ||
| 中图分类: | G257 , Z83 | |
| 科图分类: | ||
| 主题词: | 目录学--研究--中国--古代 , 目录--类型 | |
| 电子资源: | ||
| ISBN: | ||
| 000 | 00689oam2 2200265 450 | |
| 001 | 1569891834 | |
| 005 | 20150128192510.46 | |
| 010 | @dCNY0.74 | |
| 091 | @a11018.982 | |
| 100 | @a19950530d1981 em y0chiy0110 ea | |
| 101 | 0 | @achi |
| 102 | @aCN@b110000 | |
| 105 | @ay z 000yy | |
| 200 | 1 | @a古典目录学浅说@9gu dian mu lu xue qian shuo@f来新夏著 |
| 210 | @a北京@c中华书局@d1981 | |
| 215 | @a240页@d19cm | |
| 225 | 2 | @a中华史学丛书 |
| 461 | 0 | @12001 @a中华史学丛书 |
| 606 | 0 | @a目录学@x研究@y中国@z古代 |
| 606 | 0 | @a目录@x类型 |
| 690 | @aG257@v5 | |
| 690 | @aZ83@v4 | |
| 701 | 0 | @a来新夏@9lai xin xia@f(1923~)@4著 |
| 801 | 0 | @aCN@bTSSF@c20150128 |
| 905 | @aZUCC@dZ83@eJY3 | |
| 古典目录学浅说/来新夏著.-北京:中华书局,1981 |
| 240页;19cm.-(中华史学丛书) |
| ISBN :CNY0.74 |
| ● |
| 相关链接 |
|
|
|
|
正题名:古典目录学浅说
索取号:Z83/JY3
 
预约/预借
| 序号 | 登录号 | 条形码 | 馆藏地/架位号 | 状态 | 备注 |
| 1 | 7837600 | 278376008 | 学院路分馆/ [索取号:Z83/JY3] | 在馆 |